The natural laws of business
| Main Author: | |
|---|---|
| Format: | Book |
| Published: |
New York :
Currency ,
2000
|
| Subjects: |
MARC
| LEADER | 00000cam a2200000 7i4500 | ||
|---|---|---|---|
| 001 | 0000039893 | ||
| 005 | 20140112.0 | ||
| 008 | 140112 | ||
| 020 | |a 0385501595 | ||
| 090 | 0 | 0 | |a 658.001 |b KOC |
| 100 | 1 | |a Koch, Richard | |
| 245 | 1 | 4 | |a The natural laws of business |c Richard Koch |
| 260 | |a New York : |b Currency , |c 2000 | ||
| 650 | 0 | |a Management | |
| 650 | 0 | |a Science |x Methodology | |
| 650 | 0 | |a Sucess in business | |
| 999 | |a 0001262365 |b Book |c Adult Collection |e Perbadanan Perpustakaan Awam Johor | ||
| 999 | |a 0001262637 |b Book |c Adult Collection |e Cawangan AEON Kulaijaya | ||